|
|
|
|
| LEADER |
01046nam a22003015a 4500 |
| 001 |
28011 |
| 003 |
BD-DhAAL |
| 005 |
20150208124911.0 |
| 008 |
140421s2013 xx 000 0 eng |
| 010 |
|
|
|a 2012947067
|
| 020 |
|
|
|a 9781461446019
|
| 020 |
|
|
|a 9781461446026
|
| 020 |
|
|
|a 1461446015
|
| 022 |
|
|
|a 0884-8289
|
| 040 |
|
|
|a DLC
|c DLC
|d DLC
|d BD-DhAAL
|
| 082 |
|
|
|2 22
|a 320.6
|
| 999 |
|
|
|c 14288
|d 14288
|
| 999 |
|
|
|c 14288
|
| 245 |
0 |
0 |
|a Public policy analysis:
|b new developments /
|c Wil A. H. Thissen and Warren E. Walker editors.
|
| 260 |
|
|
|b Springer Verlag,
|c 2013.
|a New York;
|a London:
|
| 300 |
|
|
|a x, 286 p. :
|c 24 cm.
|b ill. ;
|
| 490 |
|
|
|a International Series in Operations Research & Management
|v vol. 179
|
| 541 |
|
|
|e 28011
|
| 650 |
|
|
|a Political planning
|9 4267
|
| 700 |
|
|
|a Thissen, Wil A. H.
|9 4268
|
| 700 |
|
|
|a Walker, Warren E.
|9 4269
|
| 942 |
|
|
|2 ddc
|c BK
|
| 952 |
|
|
|0 0
|1 0
|2 ddc
|4 0
|6 320_600000000000000_PUB
|7 0
|9 24166
|a IGS
|b IGS
|c GEN
|d 2014-04-21
|e Trim Education
|g 8875.00
|l 0
|o 320.6 PUB
|p 3010028011
|r 2014-04-21
|t 1
|w 2014-04-21
|y BK
|